Sarōjinī Nāyuḍu / (Record no. 80985)

MARC details
000 -LEADER
fixed length control field 00648cam a22002291a 4500
001 - CONTROL NUMBER
control field sa 68005826
003 - CONTROL NUMBER IDENTIFIER
control field DLC
005 - DATE AND TIME OF LATEST TRANSACTION
control field 20260227112512.0
008 - FIXED-LENGTH DATA ELEMENTS--GENERAL INFORMATION
fixed length control field 890417s1967 ii c b 000 0 telo
010 ## - LIBRARY OF CONGRESS CONTROL NUMBER
LC control number sa 68005826
035 ## - SYSTEM CONTROL NUMBER
System control number (OCoLC)19561644
040 ## - CATALOGING SOURCE
Original cataloging agency DLC
Transcribing agency WaU
Modifying agency WU
-- OCoLC
-- DLC
042 ## - AUTHENTICATION CODE
Authentication code premarc
050 00 - LIBRARY OF CONGRESS CALL NUMBER
Classification number PR6027.A53
Item number Z8
100 2# - MAIN ENTRY--PERSONAL NAME
Personal name Satyanarayana Rao, Yandamury,
Dates associated with a name 1913-
245 00 - TITLE STATEMENT
Title Sarōjinī Nāyuḍu /
Statement of responsibility, etc. Śrīvātsava.
260 ## - PUBLICATION, DISTRIBUTION, ETC.
Place of publication, distribution, etc. Vijayavāḍa :
Name of publisher, distributor, etc. Venkatrāma,
Date of publication, distribution, etc. 1967.
300 ## - PHYSICAL DESCRIPTION
Extent ii, 171 p.
Other physical details port.
Dimensions 22 cm.
500 ## - GENERAL NOTE
General note In Telugu.
504 ## - BIBLIOGRAPHY, ETC. NOTE
Bibliography, etc. note Bibliography: p. 171.
600 10 - SUBJECT ADDED ENTRY--PERSONAL NAME
Personal name Naidu, Sarojini,
Dates associated with a name 1879-1949.

No items available.

Powered by Koha